[Event "Graz op-B"]
[Site "Graz"]
[Date "2015.02.17"]
[Round "6"]
[White "Do Quoc, Khanh"]
[Black "Prem, Dominik"]
[Result "1-0"]
[WhiteElo "1902"]
[BlackElo "1797"]
[PlyCount "43"]
[EventDate "2015.02.13"]
[EventType "swiss"]
[EventRounds "9"]
[EventCountry "AUT"]
[SourceTitle "CBM 165 Extra"]
[Source "ChessBase"]
[SourceDate "2015.04.21"]
[SourceVersion "1"]
[SourceVersionDate "2015.04.21"]
[SourceQuality "1"]

1. e4 e5 2. Nf3 Nc6 3. Bc4 Bc5 4. c3 Nf6 5. d3 0-0 6. 0-0 d5 7. exd5 Nxd5 8. b4 Bb6 9. b5 Na5 10. Nxe5 Nxc4 11. dxc4 Ne7 12. Ba3 Qe8 13. Nd2 f6 14. Nef3 Qf7 15. Re1 Re8 16. Nb3 a6 17. Bxe7 Rxe7 18. Qd8+ Qf8 19. Qxe7 Qxe7 20. Rxe7 Kf8 21. Rae1 Bg4 22. c5 1-0

[Event "Leitersdorf Region-ch"]
[Site "Leitersdorf"]
[Date "2015.01.04"]
[Round "3"]
[White "Schloffer, Jasmin Denise"]
[Black "Prem, Dominik"]
[Result "0-1"]
[WhiteElo "1856"]
[BlackElo "1797"]
[PlyCount "48"]
[EventDate "2015.01.02"]
[EventType "swiss"]
[EventRounds "5"]
[EventCountry "AUT"]
[SourceTitle "CBM 164 Extra"]
[Source "ChessBase"]
[SourceDate "2015.03.02"]
[SourceVersion "1"]
[SourceVersionDate "2015.03.02"]
[SourceQuality "1"]

1. d4 d5 2. c4 e6 3. Nc3 Nf6 4. cxd5 exd5 5. Bg5 Be7 6. e3 c6 7. Qc2 Nbd7 8. Bd3 Nh5 9. Bxe7 Qxe7 10. Nge2 Nb6 11. 0-0 g6 12. Rfe1 0-0 13. Rab1 Ng7 14. Ng3 Be6 15. b4 Rfc8 16. Rec1 Ne8 17. b5 c5 18. dxc5 Rxc5 19. Qd1 Rac8 20. Nce2 Nc4 21. Nd4 Nb2 22. Nc6 R5xc6 23. bxc6 Nxd1 24. cxb7 Rb8 0-1

[Event "Steyr Landesliga 1415"]
[Site "Austria"]
[Date "2014.10.25"]
[Round "3.7"]
[White "Horvath, Reka"]
[Black "Prem, Dominik"]
[Result "1-0"]
[WhiteElo "2038"]
[BlackElo "1760"]
[PlyCount "49"]
[EventDate "2014.09.27"]
[EventType "team-tourn"]
[EventRounds "11"]
[EventCountry "AUT"]
[SourceTitle "EXT 2016"]
[Source "ChessBase"]
[SourceDate "2015.10.08"]
[SourceVersion "1"]
[SourceVersionDate "2015.10.08"]
[SourceQuality "1"]
[WhiteTeam "Feldbach Kirchberg"]
[BlackTeam "Gleisdorf"]
[WhiteTeamCountry "AUT"]
[BlackTeamCountry "AUT"]

1. Nf3 d5 2. g3 Nf6 3. Bg2 g6 4. 0-0 Bg7 5. d4 0-0 6. c4 c6 7. b3 Re8 8. Bb2 Bf5 9. Nc3 Qc8 10. Rc1 dxc4 11. bxc4 Bh3 12. e4 Bxg2 13. Kxg2 h6 14. e5 Nh7 15. Re1 e6 16. Ne4 Bf8 17. Nd6 Bxd6 18. exd6 b6 19. d5 c5 20. dxe6 Rxe6 21. Qd5 Rxe1 22. Rxe1 Nd7 23. Re7 Qf8 24. Rxd7 Nf6 25. Bxf6 1-0

[Event "Steyr Landesliga 1415"]
[Site "Austria"]
[Date "2014.10.11"]
[Round "2.7"]
[White "Voelkl, Georg"]
[Black "Prem, Dominik"]
[Result "1/2-1/2"]
[WhiteElo "1752"]
[BlackElo "1760"]
[PlyCount "37"]
[EventDate "2014.09.27"]
[EventType "team-tourn"]
[EventRounds "11"]
[EventCountry "AUT"]
[SourceTitle "EXT 2016"]
[Source "ChessBase"]
[SourceDate "2015.10.08"]
[SourceVersion "1"]
[SourceVersionDate "2015.10.08"]
[SourceQuality "1"]
[WhiteTeam "Trofaiach Niklasdorf"]
[BlackTeam "Gleisdorf"]
[WhiteTeamCountry "AUT"]
[BlackTeamCountry "AUT"]

1. d4 d5 2. Nf3 Nf6 3. Bf4 e6 4. e3 Bd6 5. Bg5 Be7 6. Bd3 h6 7. Bh4 Nbd7 8. 0-0 Ne4 9. Bxe7 Qxe7 10. c4 Ng5 11. Nbd2 dxc4 12. Nxc4 b6 13. Nfe5 Bb7 14. f4 Nh7 15. Nxd7 Qxd7 16. Ne5 Qd5 17. Qa4+ c6 18. Ba6 Bxa6 19. Qxa6 1/2-1/2

[Event "Steyr Landesliga 1415"]
[Site "Austria"]
[Date "2014.09.27"]
[Round "1.7"]
[White "Prem, Dominik"]
[Black "Steiner, Peter"]
[Result "1-0"]
[WhiteElo "1760"]
[BlackElo "2031"]
[PlyCount "52"]
[EventDate "2014.09.27"]
[EventType "team-tourn"]
[EventRounds "11"]
[EventCountry "AUT"]
[SourceTitle "EXT 2016"]
[Source "ChessBase"]
[SourceDate "2015.10.08"]
[SourceVersion "1"]
[SourceVersionDate "2015.10.08"]
[SourceQuality "1"]
[WhiteTeam "Gleisdorf"]
[BlackTeam "Pinggau Friedberg"]
[WhiteTeamCountry "AUT"]
[BlackTeamCountry "AUT"]

1. e4 c5 2. Nf3 Nc6 3. Bb5 g6 4. 0-0 Bg7 5. Bxc6 bxc6 6. c3 Nh6 7. d4 cxd4 8. cxd4 0-0 9. b3 d5 10. e5 f6 11. h3 g5 12. Nh2 fxe5 13. Bxg5 exd4 14. Re1 Rf7 15. Nf3 Qd6 16. Nbd2 Ba6 17. Nf1 Raf8 18. N1h2 e5 19. Bxh6 Bxh6 20. Ng4 Bg7 21. Ngxe5 Rf5 22. Qxd4 c5 23. Qg4 Bc8 24. Qg3 Kh8 25. Rad1 Bxe5 26. Rxe5 Rxe5 1-0

[Event "Leitersdorf Region-ch"]
[Site "Leitersdorf"]
[Date "2012.01.04"]
[Round "2"]
[White "Nickl, Klaus"]
[Black "Prem, Dominik"]
[Result "1-0"]
[WhiteElo "2144"]
[BlackElo "1544"]
[PlyCount "79"]
[EventDate "2012.01.03"]
[EventType "swiss"]
[EventRounds "5"]
[EventCountry "AUT"]
[SourceTitle "EXT 2013"]
[Source "ChessBase"]
[SourceDate "2012.11.22"]
[SourceVersion "1"]
[SourceVersionDate "2012.11.22"]
[SourceQuality "1"]

1. d4 d5 2. Nf3 Nf6 3. e3 e6 4. Bd3 Be7 5. Nbd2 Nbd7 6. 0-0 0-0 7. Re1 b6 8. e4 dxe4 9. Nxe4 Bb7 10. Bf4 Rc8 11. Qe2 c5 12. Nd6 Bxd6 13. Bxd6 Re8 14. dxc5 Nxc5 15. Bxc5 Rxc5 16. Rad1 Qc7 17. c3 Bd5 18. Nd4 Qf4 19. Qe3 Qg4 20. f3 Qh4 21. Nf5 Qa4 22. Nxg7 Rec8 23. Qg5 Bxf3 24. Nf5+ Kf8 25. Qxf6 Rxf5 26. Bxf5 Bxd1 27. Qh8+ Ke7 28. Qxc8 Bh5 29. Qc7+ Kf8 30. Qd8+ Kg7 31. Qg5+ Bg6 32. Bxg6 hxg6 33. Qe5+ Kh7 34. Qf6 Qd7 35. Rf1 Kg8 36. h4 Qc7 37. Rd1 Qc5+ 38. Kh1 Kh7 39. Rd8 Qe3 40. Rh8# 1-0